000 00565nam a2200169Ia 4500
008 140527s9999 xx 000 0 und d
020 _a9781598571936
050 _aLC 4031
_b.C647 2012
100 _aCollins, Belva C.
245 _aSystematic instruction for students with moderate and severe disabilities /
_cBelva C. Collins
260 _aBaltimore :
_bPaul H. Brookes Pub. Co.,
_cc2012.
300 _a218 p. :
_bill. ;
_c28 cm.
500 _aIncludes bibliographical references, glossary and index.
521 _aSPED
942 _kFOR
_cBK
999 _c117469
_d117469